[Event "ch-Frankfurt A"]
[Site "Frankfurt Main"]
[Date "2025.06.02"]
[Round "6.33"]
[White "Muthig, Holger"]
[Black "Gärtner, Peter"]
[Result "0-1"]
[WhiteElo "1810"]
[BlackElo "1757"]
[PlyCount "62"]
[EventDate "2025.04.28"]
[EventType "swiss"]
[EventRounds "7"]
[EventCountry "GER"]
[BlackTeam "Sfr.Mainz 1928"]

1. d4 d5 2. c4 e6 3. Nc3 Nf6 4. Nf3 Be7 5. Bf4 a6 6. e3 O-O 7. Bd3 dxc4 8. Bxc4 b5 9. Bb3 Bb7 10. O-O Nbd7 11. Rc1 c5 12. dxc5 Nxc5 13. Bc2 Rc8 14. Qe2 Qa5 15. a3 b4 16. axb4 Qxb4 17. Rfd1 Nb3 18. Rb1 Rfd8 19. Ne5 Nc5 20. Nd3 Nxd3 21. Bxd3 a5 22. Be5 Qg4 23. f3 Qh5 24. Bd4 Bb4 25. Bxf6 gxf6 26. Ne4 Bxe4 27. Bxe4 Qc5 28. Rbc1 Qxc1 29. Rxc1 Rxc1+ 30. Kf2 Be1+ 31. Kf1 Bh4+ 0-1

[Event "ch-Frankfurt A"]
[Site "Frankfurt Main"]
[Date "2025.06.02"]
[Round "6.34"]
[White "Stricker, Konstantin"]
[Black "Schäfers, Serge"]
[Result "1-0"]
[WhiteElo "1799"]
[BlackElo "1846"]
[PlyCount "161"]
[EventDate "2025.04.28"]
[EventType "swiss"]
[EventRounds "7"]
[EventCountry "GER"]
[WhiteTeam "SC Eschbach im Usinger Land"]
[BlackTeam "TSV Bindlach Aktionär"]

1. e4 c5 2. Nf3 g6 3. d4 cxd4 4. Nxd4 Bg7 5. c3 Nf6 6. Bd3 O-O 7. O-O d6 8. h3 Bd7 9. Be3 Nc6 10. Nd2 a6 11. N2f3 h6 12. Re1 Qa5 13. Nd2 Ne5 14. Bc2 Rac8 15. f4 Nc4 16. Nxc4 Rxc4 17. Bd3 Rc7 18. Nb3 Qa4 19. Bc2 Qb5 20. Bd3 Qa4 21. Bc2 Qb5 22. a4 Qh5 23. Qxh5 Nxh5 24. Nd4 e5 25. fxe5 dxe5 26. Nf3 Bc6 27. Bc5 Re8 28. Bb3 Rd7 29. Kf2 Nf4 30. Bc2 Nd3+ 31. Bxd3 Rxd3 32. a5 Red8 33. Be3 f6 34. Bb6 R8d7 35. Re3 h5 36. Rae1 Bh6 37. Rxd3 Rxd3 38. Be3 Bxe3+ 39. Rxe3 Rd1 40. Re2 Bb5 41. Rd2 Rf1+ 42. Ke3 Ra1 43. b4 Rc1 44. Rd8+ Kf7 45. Kd2 Rf1 46. Ke3 Bc6 47. Ke2 Ra1 48. Ke3 Ra3 49. Rd3 Bb5 50. c4 Rxd3+ 51. Kxd3 Bc6 52. c5 Bb5+ 53. Ke3 Bf1 54. Kf2 Bb5 55. Ke3 g5 56. g3 Ke6 57. h4 g4 58. Ne1 Kd7 59. Nc2 Bf1 60. Ne1 Kc6 61. Nc2 Kb5 62. Kd2 Ka4 63. Kc3 Bg2 64. Kd3 Bf1+ 65. Kc3 Bb5 66. Ne3 Bc6 67. Nd5 f5 68. Nb6+ Kb5 69. exf5 e4 70. f6 Be8 71. Nd7 e3 72. Ne5 e2 73. Kd2 Kxb4 74. f7 Bxf7 75. Nxf7 Kxc5 76. Kxe2 b5 77. axb6 Kxb6 78. Kd3 Kc5 79. Nh6 Kd5 80. Nf5 Kc5 81. Ng7 1-0

[Event "ch-Frankfurt A"]
[Site "Frankfurt Main"]
[Date "2025.06.02"]
[Round "6.42"]
[White "Grünzig, Matthias"]
[Black "Manasek, Martin"]
[Result "1-0"]
[WhiteElo "1687"]
[BlackElo "1641"]
[PlyCount "103"]
[EventDate "2025.04.28"]
[EventType "swiss"]
[EventRounds "7"]
[EventCountry "GER"]
[WhiteTeam "FV Berkersheim"]
[BlackTeam "SC Flörsheim 1921"]

1. d4 Nf6 2. Bf4 e6 3. c3 d5 4. e3 c5 5. Bb5+ Nc6 6. Nf3 Bd6 7. Bxd6 Qxd6 8. Nbd2 O-O 9. O-O a6 10. Bd3 cxd4 11. exd4 b5 12. a3 Bb7 13. Re1 Rac8 14. Qe2 Rfe8 15. Ne5 Ne7 16. Nb3 Ng6 17. Bxg6 hxg6 18. Nc5 Ba8 19. a4 Rb8 20. axb5 axb5 21. Ra6 Rb6 22. Rea1 Rxa6 23. Rxa6 Qb8 24. Ra5 Ne4 25. Nxe4 dxe4 26. Qxb5 Bd5 27. b4 Rc8 28. Qxb8 Rxb8 29. Rc5 Ra8 30. h3 e3 31. fxe3 Ra1+ 32. Kf2 Ra2+ 33. Ke1 Rxg2 34. Rc8+ Kh7 35. Nxf7 g5 36. Rh8+ Kg6 37. Ne5+ Kf5 38. Ng4 Rc2 39. Rc8 Ke4 40. Rc7 Kd3 41. Rxg7 Re2+ 42. Kf1 Bg2+ 43. Kg1 Bd5 44. Rxg5 Rg2+ 45. Kf1 Rg3 46. Ne5+ Kxe3 47. Rxg3+ Kf4 48. Kf2 Be4 49. Rg4+ Kf5 50. Rxe4 Kxe4 51. b5 Kd5 52. Ke3 1-0